[Event "Olympiad-44"]
[Site "Chennai"]
[Date "2022.08.09"]
[Round "11.3"]
[White "Florentiades, Michalis"]
[Black "Tan, Jun Ying"]
[Result "0-1"]
[WhiteElo "1974"]
[BlackElo "2191"]
[PlyCount "68"]
[EventDate "2022.07.29"]
[EventType "team-swiss"]
[EventRounds "11"]
[EventCountry "IND"]
[SourceTitle "CBM 210"]
[Source "ChessBase"]
[SourceDate "2022.10.31"]
[SourceVersion "1"]
[SourceVersionDate "2022.10.31"]
[SourceQuality "1"]
[WhiteTeam "Cyprus"]
[BlackTeam "Malaysia"]
[WhiteTeamCountry "CYP"]
[BlackTeamCountry "MAS"]

1. b3 g6 2. Bb2 Nf6 3. g3 Bg7 4. Bg2 d6 5. d4 e5 6. dxe5 Nfd7 7. Nf3 dxe5 8. 0-0 0-0 9. Qc1 e4 10. Nfd2 Bxb2 11. Qxb2 f5 12. e3 Nf6 13. c4 Nc6 14. a3 Be6 15. Nc3 Qe7 16. Rfd1 Rad8 17. Bf1 Ne5 18. Be2 Nd3 19. Bxd3 Rxd3 20. Nf1 c6 21. Ne2 Rfd8 22. Rxd3 exd3 23. Nf4 g5 24. Nxe6 Qxe6 25. Rd1 Ng4 26. Qc3 Ne5 27. f4 gxf4 28. gxf4 Qg6+ 29. Ng3 Nf3+ 30. Kg2 Nh4+ 31. Kg1 d2 32. Qa5 b6 33. Qxa7 Qg4 34. Rxd2 Nf3+ 0-1

[Event "Olympiad-44"]
[Site "Chennai"]
[Date "2022.07.31"]
[Round "3.4"]
[White "Laylo, Darwin"]
[Black "Florentiades, Michalis"]
[Result "1-0"]
[WhiteElo "2432"]
[BlackElo "1974"]
[PlyCount "79"]
[EventDate "2022.07.29"]
[EventType "team-swiss"]
[EventRounds "11"]
[EventCountry "IND"]
[SourceTitle "CBM 210"]
[Source "ChessBase"]
[SourceDate "2022.10.31"]
[SourceVersion "1"]
[SourceVersionDate "2022.10.31"]
[SourceQuality "1"]
[WhiteTeam "Philippines"]
[BlackTeam "Cyprus"]
[WhiteTeamCountry "PHI"]
[BlackTeamCountry "CYP"]

1. c4 c6 2. Nf3 d5 3. e3 Nf6 4. Nc3 a6 5. d4 Bf5 6. Be2 e6 7. Nh4 Be4 8. f3 Bg6 9. g3 Be7 10. 0-0 0-0 11. Nxg6 hxg6 12. a3 dxc4 13. Bxc4 c5 14. d5 exd5 15. Nxd5 Nxd5 16. Bxd5 Qb6 17. Qa4 Nc6 18. Rb1 Rac8 19. Qc2 Rcd8 20. Ba2 Ne5 21. f4 Ng4 22. h3 Nh6 23. g4 Qd6 24. e4 Kh8 25. g5 Qd4+ 26. Kh1 Ng8 27. Bd5 Rxd5 28. exd5 Qxd5+ 29. Qg2 Qd3 30. Bd2 Bd8 31. Rbd1 Qc4 32. f5 Ne7 33. f6 Nf5 34. Bc3 Re8 35. Rfe1 Rxe1+ 36. Rxe1 Bc7 37. fxg7+ Kh7 38. g8Q+ Kxg8 39. Re8+ Kh7 40. Rh8# 1-0

[Event "CYP-ch"]
[Site "Larnaca"]
[Date "2022.03.19"]
[Round "3"]
[White "Florentiades, Michalis"]
[Black "Michaelides, Konstantinos"]
[Result "0-1"]
[WhiteElo "1935"]
[BlackElo "2302"]
[PlyCount "96"]
[EventDate "2022.03.12"]
[EventType "tourn"]
[EventRounds "11"]
[EventCountry "CYP"]
[SourceTitle "EXT 2023"]
[Source "ChessBase"]
[SourceDate "2022.10.05"]
[SourceVersion "1"]
[SourceVersionDate "2022.10.05"]
[SourceQuality "1"]

1. e4 e5 2. Nf3 Nc6 3. d4 exd4 4. Nxd4 Bc5 5. Be3 Qf6 6. c3 Nge7 7. Bc4 0-0 8. 0-0 b6 9. f4 Rd8 10. b4 Bxd4 11. Bxd4 Nxd4 12. cxd4 d5 13. e5 Qg6 14. Bd3 Bf5 15. Bxf5 Nxf5 16. Qd3 c5 17. bxc5 bxc5 18. dxc5 Rac8 19. Rc1 Qg4 20. Nd2 Qxf4 21. Nf3 Qe4 22. Qd2 d4 23. Rc4 g6 24. Rac1 Rc6 25. Ra4 a6 26. Rb4 Qd5 27. Rbc4 Rdc8 28. Qb4 d3 29. Qc3 h5 30. a4 Ne3 31. Rd4 Rxc5 32. Rxd5 Rxc3 33. Rxc3 Rxc3 34. Rd8+ Kg7 35. Kf2 Nc4 36. Rd4 Rc2+ 37. Ke1 Re2+ 38. Kd1 Nb2+ 39. Kc1 Rc2+ 40. Kb1 Rxg2 41. Kc1 Rc2+ 42. Kb1 Rf2 43. Kc1 Rxf3 44. Kxb2 Rf2+ 45. Kc1 Rxh2 46. Rxd3 Ra2 47. Rd4 g5 48. Kd1 h4 0-1

[Event "CYP-ch op"]
[Site "Nicosia"]
[Date "2022.02.23"]
[Round "6"]
[White "Florentiades, Michalis"]
[Black "Damianou, Ioannis"]
[Result "1/2-1/2"]
[WhiteElo "1935"]
[BlackElo "2176"]
[PlyCount "91"]
[EventDate "2022.02.04"]
[EventType "swiss"]
[EventRounds "9"]
[EventCountry "CYP"]
[SourceTitle "EXT 2024"]
[Source "ChessBase"]
[SourceDate "2023.10.10"]
[SourceVersion "1"]
[SourceVersionDate "2023.10.10"]
[SourceQuality "1"]

1. b3 e5 2. Bb2 Nc6 3. e3 g6 4. Nf3 Bg7 5. d4 exd4 6. Nxd4 Nxd4 7. Bxd4 Nf6 8. Be2 d5 9. 0-0 0-0 10. c4 dxc4 11. Bxc4 Qe7 12. Qc2 Ne4 13. Bxg7 Kxg7 14. Nc3 Bf5 15. Bd3 Nxc3 16. Qxc3+ Qf6 17. Qxf6+ Kxf6 18. Bxf5 Kxf5 19. Rfd1 Rfd8 20. Kf1 c5 21. Ke2 Ke6 22. Rac1 Rxd1 23. Kxd1 Rc8 24. a4 Kd5 25. Rc4 a6 26. g4 g5 27. Kd2 b5 28. axb5 axb5 29. Rc2 Ra8 30. Kc1 Ra1+ 31. Kb2 Rh1 32. f4 gxf4 33. exf4 Rf1 34. f5 Rg1 35. h3 Rh1 36. Rd2+ Kc6 37. Rd3 Rh2+ 38. Kc1 c4 39. bxc4 bxc4 40. Rg3 Kd5 41. g5 Ke4 42. g6 hxg6 43. fxg6 fxg6 44. Rxg6 Kd4 45. Rg3 c3 46. Rg8 1/2-1/2

[Event "Larnaca OFIS op 2nd"]
[Site "Larnaca"]
[Date "2021.10.27"]
[Round "2"]
[White "Florentiades, Michalis"]
[Black "Samani, Yamac"]
[Result "1/2-1/2"]
[WhiteElo "1996"]
[BlackElo "2246"]
[PlyCount "97"]
[EventDate "2021.10.22"]
[EventType "swiss"]
[EventRounds "9"]
[EventCountry "CYP"]
[SourceTitle "CBM 204 Extra"]
[Source "ChessBase"]
[SourceDate "2021.11.30"]
[SourceVersion "1"]
[SourceVersionDate "2021.11.30"]
[SourceQuality "1"]

1. e4 c5 2. Nf3 Nc6 3. Bb5 g6 4. 0-0 Bg7 5. Re1 e5 6. Bxc6 dxc6 7. d3 Qe7 8. a3 Nf6 9. b4 0-0 10. bxc5 Qxc5 11. a4 Re8 12. Ba3 Qa5 13. Bb2 Bg4 14. Nbd2 Bxf3 15. Nxf3 Nd7 16. Qd2 Qc7 17. Qc3 Nf8 18. Rab1 Rad8 19. Qb4 Ne6 20. Bc1 b6 21. Be3 Kh8 22. Qc4 f5 23. exf5 gxf5 24. Rbd1 Bf6 25. Bd2 Rd5 26. Bc3 Rc5 27. Qb3 Qg7 28. d4 Rg8 29. g3 Nxd4 30. Nxd4 exd4 31. Bb4 Re5 32. Bd6 Re4 33. Rxe4 fxe4 34. Qe6 e3 35. fxe3 dxe3 36. Qxe3 Rd8 37. Rd3 c5 38. Qf4 Bd4+ 39. Kg2 Re8 40. Qf3 Qg6 41. Bf4 Qe4 42. Qxe4 Rxe4 43. Kf3 Re7 44. Be3 Rf7+ 45. Ke2 Bxe3 46. Rxe3 Rd7 47. Rd3 Re7+ 48. Re3 Rd7 49. Rd3 1/2-1/2

[Event "Larnaca OFIS op 2nd"]
[Site "Larnaca"]
[Date "2021.10.27"]
[Round "3"]
[White "Van der Meijden, Martien"]
[Black "Florentiades, Michalis"]
[Result "1-0"]
[WhiteElo "2064"]
[BlackElo "1996"]
[PlyCount "77"]
[EventDate "2021.10.22"]
[EventType "swiss"]
[EventRounds "9"]
[EventCountry "CYP"]
[SourceTitle "CBM 204 Extra"]
[Source "ChessBase"]
[SourceDate "2021.11.30"]
[SourceVersion "1"]
[SourceVersionDate "2021.11.30"]
[SourceQuality "1"]

1. e4 c5 2. Nc3 a6 3. Nf3 b5 4. d4 cxd4 5. Nxd4 Bb7 6. Bd3 e6 7. Be3 d6 8. 0-0 Nf6 9. a3 Be7 10. Qe2 0-0 11. f4 Nbd7 12. Kh1 Qc7 13. Rae1 Nc5 14. Bg1 Nxd3 15. cxd3 Nd7 16. f5 e5 17. Nc2 Bg5 18. Nb4 Nf6 19. g3 a5 20. h4 Bh6 21. Nc2 Bc6 22. g4 Bf4 23. g5 Nd7 24. Ne3 Bxe3 25. Qxe3 b4 26. Ne2 d5 27. f6 dxe4 28. dxe4 gxf6 29. Ng3 Kh8 30. Nf5 Qd8 31. Nh6 Qe7 32. gxf6 Nxf6 33. Qg5 Ng8 34. Qxe7 Nxe7 35. Bc5 Rae8 36. Nxf7+ Kg7 37. Nd6 Rxf1+ 38. Rxf1 bxa3 39. Nxe8+ 1-0

[Event "Lympia Cyprus-ch op"]
[Site "Lympia"]
[Date "2020.02.01"]
[Round "8"]
[White "Kourouyiannis, Fivos"]
[Black "Florentiades, Michalis"]
[Result "1/2-1/2"]
[WhiteElo "1711"]
[BlackElo "2023"]
[PlyCount "95"]
[EventDate "2020.01.05"]
[EventType "swiss"]
[EventRounds "9"]
[EventCountry "CYP"]
[SourceTitle "CBM 194 Extra"]
[Source "ChessBase"]
[SourceDate "2020.03.31"]
[SourceVersion "1"]
[SourceVersionDate "2020.03.31"]
[SourceQuality "1"]

1. d4 d5 2. c4 dxc4 3. e4 Nf6 4. e5 Nd5 5. Bxc4 Nb6 6. Bd3 Nc6 7. Ne2 Bg4 8. f3 Bh5 9. Be4 Qd7 10. Nf4 Bg6 11. e6 fxe6 12. Nxg6 hxg6 13. Bxg6+ Kd8 14. Nc3 Qxd4 15. Qe2 Qe5 16. Be3 Nd5 17. 0-0-0 Kc8 18. Ne4 Ncb4 19. a3 Nxe3 20. Qxe3 Nd5 21. Qg5 Qf4+ 22. Qxf4 Nxf4 23. Bf7 c6 24. g3 Nd5 25. Bxe6+ Kc7 26. Bxd5 cxd5 27. Rxd5 e6 28. Rg5 Rh7 29. Rg6 Rh6 30. Rxh6 gxh6 31. Kd2 Rd8+ 32. Ke3 Bg7 33. Rc1+ Kb6 34. Rc2 Rd1 35. Kf4 Rb1 36. Nc5 Kb5 37. Nxe6 Bxb2 38. Rc7 Kb6 39. a4 Re1 40. Re7 Re5 41. Kg4 h5+ 42. Kh3 Ba3 43. Re8 Ra5 44. Nf4 Rxa4 45. Re6+ Kc5 46. Re5+ Kc4 47. Re4+ Kb3 48. Re5 1/2-1/2

[Event "Lympia Cyprus-ch op"]
[Site "Lympia"]
[Date "2020.01.25"]
[Round "6"]
[White "Damianou, Ioannis"]
[Black "Florentiades, Michalis"]
[Result "1-0"]
[WhiteElo "2130"]
[BlackElo "2023"]
[PlyCount "105"]
[EventDate "2020.01.05"]
[EventType "swiss"]
[EventRounds "9"]
[EventCountry "CYP"]
[SourceTitle "CBM 194 Extra"]
[Source "ChessBase"]
[SourceDate "2020.03.31"]
[SourceVersion "1"]
[SourceVersionDate "2020.03.31"]
[SourceQuality "1"]

1. c4 c6 2. d4 d5 3. cxd5 cxd5 4. Nf3 Nf6 5. Bf4 Nc6 6. Nc3 a6 7. e3 Bf5 8. Be2 e6 9. 0-0 Be7 10. Rc1 0-0 11. h3 h6 12. a3 Rc8 13. Na4 Nd7 14. b4 b5 15. Nc5 Ndb8 16. Qb3 Qb6 17. Rc3 Rfd8 18. Rfc1 Bxc5 19. Rxc5 Nd7 20. R5c3 Qb7 21. a4 Nf6 22. Nd2 Ne8 23. Rc5 Na7 24. axb5 Nxb5 25. Qa4 Rxc5 26. bxc5 Rc8 27. Qa5 Qc6 28. Ra1 Nec7 29. Qb6 Qe8 30. Bxc7 Nxc7 31. Bxa6 Nxa6 32. Rxa6 Bd3 33. Ra3 Be2 34. Qd6 Rd8 35. Qf4 Qe7 36. Rb3 Rc8 37. Rb8 Qd8 38. Rxc8 Qxc8 39. Qd6 Bb5 40. Nb3 Qa8 41. Qb6 Bd7 42. Na5 f6 43. c6 Bc8 44. Nb7 e5 45. dxe5 Qa1+ 46. Kh2 Qxe5+ 47. g3 Qf5 48. Kg1 Qxh3 49. Qd8+ Kh7 50. Qxd5 Bf5 51. c7 Qg4 52. Nd6 Be6 53. Qe4+ 1-0

[Event "Cyprus op 1st"]
[Site "Larnaka"]
[Date "2019.10.28"]
[Round "5"]
[White "Florentiades, Michalis"]
[Black "Isaakidis, Alexandros"]
[Result "0-1"]
[WhiteElo "2019"]
[BlackElo "2219"]
[PlyCount "88"]
[EventDate "2019.10.25"]
[EventType "swiss"]
[EventRounds "9"]
[EventCountry "CYP"]
[SourceTitle "CBM 192 Extra"]
[Source "Chessbase"]
[SourceDate "2019.11.06"]
[SourceVersion "1"]
[SourceVersionDate "2019.11.06"]
[SourceQuality "1"]

1. e4 c5 2. Nc3 Nc6 3. g3 g6 4. Bg2 Bg7 5. d3 d6 6. Be3 e5 7. Qd2 Be6 8. f4 Nd4 9. Nf3 h6 10. 0-0 Ne7 11. Rae1 Qd7 12. Rf2 0-0-0 13. Nd1 Nec6 14. a3 Bg4 15. Bxd4 exd4 16. b4 b6 17. Nb2 g5 18. bxc5 bxc5 19. Nc4 gxf4 20. Qxf4 h5 21. Nh4 Ne5 22. Nxe5 Bxe5 23. Qxf7 Qxf7 24. Rxf7 Rd7 25. Ref1 Rh7 26. Rf8+ Kb7 27. Ng6 Ka6 28. Nxe5 dxe5 29. h3 Be6 30. R1f6 Rde7 31. Bf3 Ka5 32. Kg2 Ka4 33. Rd8 Rhf7 34. Rxf7 Bxf7 35. Rc8 Kxa3 36. Rxc5 Kb4 37. Rc8 Rb7 38. g4 hxg4 39. hxg4 a5 40. Ra8 a4 41. g5 a3 42. Bg4 a2 43. g6 Bg8 44. Bf5 Kc3 0-1

[Event "CYP-ch"]
[Site "Larnaca"]
[Date "2019.02.09"]
[Round "9"]
[White "Hadjiyiannis, Costas"]
[Black "Florentiades, Michalis"]
[Result "0-1"]
[WhiteElo "1778"]
[BlackElo "1990"]
[PlyCount "48"]
[EventDate "2019.01.12"]
[EventType "tourn"]
[EventRounds "9"]
[EventCountry "CYP"]
[SourceTitle "CBM 189 Extra"]
[Source "ChessBase"]
[SourceDate "2019.06.03"]
[SourceVersion "1"]
[SourceVersionDate "2019.06.03"]
[SourceQuality "1"]

1. d4 d5 2. c4 c6 3. Nf3 Nf6 4. Nc3 dxc4 5. e4 b5 6. b3 Qa5 7. Bd2 b4 8. Na4 c3 9. Be3 Nxe4 10. Bd3 Nf6 11. Ne5 e6 12. Qf3 Qc7 13. Bf4 Bd6 14. 0-0 Nbd7 15. Rfe1 Bb7 16. Qh3 Bxe5 17. Bxe5 Nxe5 18. Rxe5 0-0-0 19. Nc5 Rxd4 20. Rae1 Rhd8 21. Bc4 Kb8 22. Ba6 Rd1 23. R5e2 c2 24. Bxb7 c1Q 0-1

[Event "CYP-ch"]
[Site "Larnaca"]
[Date "2019.01.27"]
[Round "6"]
[White "Savva, Panikos"]
[Black "Florentiades, Michalis"]
[Result "0-1"]
[WhiteElo "2065"]
[BlackElo "1990"]
[PlyCount "156"]
[EventDate "2019.01.12"]
[EventType "tourn"]
[EventRounds "9"]
[EventCountry "CYP"]
[SourceTitle "CBM 189 Extra"]
[Source "ChessBase"]
[SourceDate "2019.06.03"]
[SourceVersion "1"]
[SourceVersionDate "2019.06.03"]
[SourceQuality "1"]

1. d4 d5 2. c4 c6 3. Nf3 Nf6 4. Nc3 dxc4 5. a4 Bf5 6. e3 e6 7. Bxc4 Bb4 8. 0-0 0-0 9. Qe2 Nbd7 10. e4 Bg6 11. e5 Nd5 12. Nxd5 cxd5 13. Bd3 a6 14. Ng5 Re8 15. Qf3 Qe7 16. Bxg6 fxg6 17. Rd1 h6 18. Nh3 g5 19. Rd3 a5 20. Qg4 Nf8 21. Rf3 Nh7 22. Rg3 Qf7 23. Qe2 Kh8 24. Be3 Rac8 25. Rf1 Rf8 26. f4 gxf4 27. Nxf4 g5 28. Nd3 Qxf1+ 29. Qxf1 Rxf1+ 30. Kxf1 Be7 31. h4 Rc4 32. hxg5 hxg5 33. Ke2 Rxa4 34. Kf3 Ra1 35. Bd2 b6 36. Kg4 Rh1 37. Rh3 Rd1 38. Bc3 Kg7 39. Nf2 Rf1 40. Rf3 a4 41. Kh5 Rg1 42. Rg3 b5 43. Nd3 Rf1 44. Nc5 Nf8 45. Bd2 Rh1+ 46. Rh3 Rd1 47. Bc3 Rg1 48. Rg3 Rh1+ 49. Kg4 Rh4+ 50. Kf3 Kf7 51. Rg4 Rh1 52. Bd2 Bxc5 53. dxc5 Nd7 54. Rxg5 Nxc5 55. Rg4 Rf1+ 56. Ke2 Rf5 57. Bc3 Ne4 58. Bd4 Rg5 59. Rf4+ Rf5 60. Rh4 Kg7 61. g4 Rf7 62. Be3 b4 63. Rh6 Re7 64. g5 Ng3+ 65. Kd3 Nf5 66. Bc5 Re8 67. Rf6 b3 68. Kc3 Ng3 69. Kd4 Ne4 70. Rf1 Rc8 71. Be7 Ng3 72. Bf6+ Kg6 73. Rf3 Nf5+ 74. Kd3 Rc2 75. Rh3 Rxb2 76. Rh8 a3 77. Rg8+ Kf7 78. Ra8 a2 0-1

[Event "CYP-ch"]
[Site "Larnaca"]
[Date "2019.01.26"]
[Round "5"]
[White "Florentiades, Michalis"]
[Black "Damianou, Ioannis"]
[Result "0-1"]
[WhiteElo "1990"]
[BlackElo "1962"]
[PlyCount "92"]
[EventDate "2019.01.12"]
[EventType "tourn"]
[EventRounds "9"]
[EventCountry "CYP"]
[SourceTitle "CBM 189 Extra"]
[Source "ChessBase"]
[SourceDate "2019.06.03"]
[SourceVersion "1"]
[SourceVersionDate "2019.06.03"]
[SourceQuality "1"]

1. d4 Nf6 2. Bf4 e6 3. e3 d5 4. Nf3 Bd6 5. Bg3 0-0 6. Nbd2 b6 7. Bd3 Bb7 8. c3 c5 9. 0-0 Nc6 10. Qe2 Be7 11. h3 c4 12. Bc2 b5 13. e4 a5 14. Rae1 Qb6 15. Ne5 Nxe5 16. Bxe5 Nd7 17. Bg3 Rfe8 18. Kh2 b4 19. Rb1 b3 20. axb3 cxb3 21. Bd3 a4 22. Rfe1 Nf6 23. e5 Nd7 24. f4 g6 25. h4 Ba6 26. h5 Rec8 27. hxg6 hxg6 28. Rec1 Bxd3 29. Qxd3 Qa6 30. Qxa6 Rxa6 31. Ra1 Raa8 32. Be1 Nb6 33. Rcb1 Nc4 34. Nxc4 dxc4 35. Bd2 a3 36. bxa3 Bxa3 37. Kg3 Ra6 38. Bc1 Rca8 39. Bxa3 Rxa3 40. Rxa3 Rxa3 41. Kf3 Ra2 42. g4 Rc2 43. Ke4 Rxc3 44. d5 exd5+ 45. Kxd5 Rc2 46. f5 b2 0-1

[Event "CYP-ch"]
[Site "Larnaca"]
[Date "2018.05.27"]
[Round "10"]
[White "Florentiades, Michalis"]
[Black "Savva, Panikos"]
[Result "0-1"]
[WhiteElo "2052"]
[BlackElo "2036"]
[PlyCount "132"]
[EventDate "2018.04.28"]
[EventType "tourn"]
[EventRounds "11"]
[EventCountry "CYP"]
[SourceTitle "EXT 2021"]
[Source "ChessBase"]
[SourceDate "2020.10.23"]
[SourceVersion "1"]
[SourceVersionDate "2020.10.23"]
[SourceQuality "1"]

1. d4 Nf6 2. Bf4 c5 3. d5 b5 4. c4 bxc4 5. Nc3 d6 6. e4 Qa5 7. Qc2 Ba6 8. Nf3 g6 9. Nd2 Bg7 10. f3 Nbd7 11. Nxc4 Bxc4 12. Bxc4 0-0 13. 0-0 Rab8 14. Be2 Rb7 15. Bd2 Rfb8 16. Na4 Qd8 17. Ba6 Rc7 18. Ba5 Nb6 19. Nxb6 axb6 20. Bc3 Qd7 21. a4 Nh5 22. Bb5 Qc8 23. Bxg7 Nxg7 24. Qc4 e5 25. Rf2 Qd8 26. g3 Qg5 27. Re1 f5 28. Kh1 fxe4 29. Qxe4 Rf7 30. Ref1 Rbf8 31. f4 exf4 32. Rxf4 Rxf4 33. gxf4 Qf5 34. Re1 Qxf4 35. Qxf4 Rxf4 36. Kg2 Kf7 37. b3 Rf5 38. Ra1 Kf6 39. Bc4 Nh5 40. Rd1 Nf4+ 41. Kg3 g5 42. h4 gxh4+ 43. Kxh4 Ng2+ 44. Kg3 Ne3 45. Rd2 h5 46. Rd3 h4+ 47. Kxh4 Nxc4 48. bxc4 Rf4+ 49. Kg3 Rxc4 50. Re3 Rxa4 51. Re6+ Kf5 52. Rxd6 Rb4 53. Re6 b5 54. Rc6 Rc4 55. Kf3 Ke5 56. d6 Ke6 57. Ke3 Kd7 58. Rb6 b4 59. Kd3 Rd4+ 60. Kc2 Rxd6 61. Rb8 Kc6 62. Kb3 Rd3+ 63. Kc2 Rh3 64. Rg8 Kb5 65. Rg4 c4 66. Rg8 Rh2+ 0-1

[Event "CYP-ch"]
[Site "Larnaca"]
[Date "2018.05.13"]
[Round "6"]
[White "Florentiades, Michalis"]
[Black "Philippou, Michalis"]
[Result "1/2-1/2"]
[WhiteElo "2052"]
[BlackElo "1808"]
[PlyCount "41"]
[EventDate "2018.04.28"]
[EventType "tourn"]
[EventRounds "11"]
[EventCountry "CYP"]
[SourceTitle "EXT 2021"]
[Source "ChessBase"]
[SourceDate "2020.10.23"]
[SourceVersion "1"]
[SourceVersionDate "2020.10.23"]
[SourceQuality "1"]

1. e4 d5 2. exd5 Qxd5 3. Nc3 Qd6 4. d4 Nf6 5. Nf3 c6 6. h3 Bf5 7. Nh4 Be6 8. Be3 g6 9. Qd2 Nbd7 10. a3 Nb6 11. Nf3 Nc4 12. Bxc4 Bxc4 13. Ne5 Be6 14. 0-0-0 Bg7 15. Bf4 Qd8 16. f3 Qa5 17. Ne4 Qxd2+ 18. Bxd2 Nxe4 19. fxe4 Bxe5 20. dxe5 0-0 21. Bg5 1/2-1/2

[Event "CYP-ch"]
[Site "Larnaca"]
[Date "2018.05.05"]
[Round "3"]
[White "Georgiou, Andreas"]
[Black "Florentiades, Michalis"]
[Result "1/2-1/2"]
[WhiteElo "1820"]
[BlackElo "2052"]
[PlyCount "37"]
[EventDate "2018.04.28"]
[EventType "tourn"]
[EventRounds "11"]
[EventCountry "CYP"]
[SourceTitle "EXT 2021"]
[Source "ChessBase"]
[SourceDate "2020.10.23"]
[SourceVersion "1"]
[SourceVersionDate "2020.10.23"]
[SourceQuality "1"]

1. d4 d5 2. c4 dxc4 3. Nf3 Nf6 4. e3 e6 5. Bxc4 c5 6. 0-0 a6 7. e4 cxd4 8. e5 Nfd7 9. Qxd4 Nc6 10. Qf4 Qc7 11. Re1 Be7 12. Bd2 Nf8 13. Bd3 Ng6 14. Bxg6 hxg6 15. Nc3 Rh5 16. g4 Rh3 17. Kg2 Rh8 18. Ne4 f6 19. Nd6+ 1/2-1/2

[Event "CYP-ch op"]
[Site "Cyprus"]
[Date "2011.02.20"]
[Round "8"]
[White "Klerides, Paris"]
[Black "Florentiades, Michalis"]
[Result "1/2-1/2"]
[WhiteElo "2197"]
[BlackElo "2058"]
[PlyCount "83"]
[EventDate "2011.01.15"]
[EventType "swiss"]
[EventRounds "9"]
[EventCountry "CYP"]
[SourceTitle "EXT 2012"]
[Source "ChessBase"]
[SourceDate "2011.11.24"]
[SourceVersion "1"]
[SourceVersionDate "2011.11.24"]
[SourceQuality "1"]

1. e4 c6 2. d4 d5 3. Nd2 dxe4 4. Nxe4 Nf6 5. Nxf6+ gxf6 6. c3 Bf5 7. Nf3 e6 8. g3 Bd6 9. Bg2 Nd7 10. Nh4 Bg6 11. Nxg6 hxg6 12. Be3 Qc7 13. Qb3 f5 14. 0-0-0 f4 15. Bd2 0-0-0 16. c4 g5 17. c5 Be7 18. Kb1 Rdg8 19. Qa4 Kb8 20. Ba5 Qc8 21. Qc4 Ka8 22. Rd3 Nf6 23. Qa4 Nd5 24. Bxd5 exd5 25. Bb6 a6 26. Rdd1 Bf6 27. Ba5 Re8 28. Rde1 Qg4 29. Rxe8+ Rxe8 30. Qd1 Qf5+ 31. Ka1 Re4 32. Bc3 f3 33. a3 Re2 34. Rf1 Qe4 35. h3 Bg7 36. Qa4 f5 37. Qa5 Qe7 38. Qa4 Re4 39. Qd1 Re2 40. Qb3 Qe4 41. Qb6 Qe7 42. h4 1/2-1/2

[Event "CYP-ch op"]
[Site "Cyprus"]
[Date "2011.01.23"]
[Round "4"]
[White "Hadjiyiannis, Costas"]
[Black "Florentiades, Michalis"]
[Result "0-1"]
[WhiteElo "2166"]
[BlackElo "2058"]
[PlyCount "60"]
[EventDate "2011.01.15"]
[EventType "swiss"]
[EventRounds "9"]
[EventCountry "CYP"]
[SourceTitle "EXT 2012"]
[Source "ChessBase"]
[SourceDate "2011.11.24"]
[SourceVersion "1"]
[SourceVersionDate "2011.11.24"]
[SourceQuality "1"]

1. d4 d5 2. c4 dxc4 3. Nf3 Nf6 4. e3 e6 5. Bxc4 c5 6. 0-0 a6 7. a4 Nc6 8. Qe2 cxd4 9. Rd1 Be7 10. exd4 0-0 11. Nc3 Nb4 12. Ne5 Nfd5 13. Ne4 b6 14. Ra3 Bb7 15. Rh3 g6 16. Bh6 Rc8 17. b3 Re8 18. Qd2 f5 19. Ng5 Bxg5 20. Bxg5 Qd6 21. Bh4 f4 22. Bg5 Rf8 23. Rh4 Nc6 24. Re1 Rf5 25. Nf3 Na5 26. Qe2 Nxc4 27. bxc4 Nc3 28. Qxe6+ Qxe6 29. Rxe6 Bxf3 30. Bxf4 Ne2+ 0-1

[Event "Lefkosia op"]
[Site "Cyprus"]
[Date "2009.07.18"]
[Round "7"]
[White "Florentiades, Michalis"]
[Black "Klerides, Paris"]
[Result "0-1"]
[WhiteElo "2074"]
[BlackElo "2206"]
[PlyCount "58"]
[EventDate "2009.07.07"]
[EventType "swiss"]
[EventRounds "7"]
[EventCountry "CYP"]
[SourceTitle "EXT 2012"]
[Source "ChessBase"]
[SourceDate "2011.11.24"]
[SourceVersion "1"]
[SourceVersionDate "2011.11.24"]
[SourceQuality "1"]

1. e4 c5 2. Nc3 Nc6 3. g3 g6 4. Bg2 Bg7 5. d3 d6 6. Be3 e5 7. Qd2 Nge7 8. Bh6 Bxh6 9. Qxh6 Nd4 10. Qd2 Qa5 11. 0-0-0 b5 12. Kb1 b4 13. Nd5 Nxd5 14. exd5 Rb8 15. Ne2 Nb5 16. b3 Bg4 17. f3 Bd7 18. Qc1 Rb6 19. Rde1 Ra6 20. Qb2 0-0 21. h4 Rb8 22. h5 Nc3+ 23. Nxc3 bxc3 24. Qa1 Bf5 25. Re3 c4 26. g4 cxb3 27. cxb3 Rxb3+ 28. Kc1 Qa3+ 29. Kd1 Rb2 0-1

[Event "Lefkosia op"]
[Site "Cyprus"]
[Date "2009.07.17"]
[Round "6"]
[White "Florentiades, Michalis"]
[Black "Constantinou, Pavlos"]
[Result "1/2-1/2"]
[WhiteElo "2074"]
[BlackElo "1975"]
[PlyCount "72"]
[EventDate "2009.07.07"]
[EventType "swiss"]
[EventRounds "7"]
[EventCountry "CYP"]
[SourceTitle "EXT 2012"]
[Source "ChessBase"]
[SourceDate "2011.11.24"]
[SourceVersion "1"]
[SourceVersionDate "2011.11.24"]
[SourceQuality "1"]

1. e4 c5 2. Nc3 g6 3. g3 Bg7 4. Bg2 Nc6 5. d3 d6 6. Be3 Nf6 7. h3 0-0 8. Qd2 Nd4 9. Nd1 e5 10. c3 Nc6 11. Bh6 d5 12. Bxg7 Kxg7 13. exd5 Nxd5 14. Ne3 Be6 15. Ne2 f5 16. Nxd5 Bxd5 17. Bxd5 Qxd5 18. 0-0 Rad8 19. Rad1 f4 20. gxf4 exf4 21. Nxf4 Qg5+ 22. Ng2 Qf5 23. Qe3 Ne5 24. f4 Nxd3 25. b3 Rfe8 26. Qf3 Rd7 27. Rd2 Red8 28. Rfd1 c4 29. bxc4 Qc5+ 30. Qe3 b6 31. Qxc5 Nxc5 32. Rxd7+ Rxd7 33. Rxd7+ Nxd7 34. Kf2 Nc5 35. Ke3 Na4 36. Kd4 Kf6 1/2-1/2

[Event "Lefkosia op"]
[Site "Cyprus"]
[Date "2009.07.10"]
[Round "3"]
[White "Georgiou, Andreas"]
[Black "Florentiades, Michalis"]
[Result "0-1"]
[WhiteElo "1750"]
[BlackElo "2074"]
[PlyCount "54"]
[EventDate "2009.07.07"]
[EventType "swiss"]
[EventRounds "7"]
[EventCountry "CYP"]
[SourceTitle "EXT 2012"]
[Source "ChessBase"]
[SourceDate "2011.11.24"]
[SourceVersion "1"]
[SourceVersionDate "2011.11.24"]
[SourceQuality "1"]

1. e4 e5 2. Bc4 Nf6 3. d3 c6 4. Nf3 d5 5. Bb3 Bd6 6. exd5 cxd5 7. Bg5 Be6 8. Nc3 Bc7 9. Qe2 Nc6 10. Ba4 h6 11. Bh4 Qd6 12. 0-0 a6 13. Bxc6+ bxc6 14. Bg3 Nd7 15. Rfe1 f6 16. Nd4 0-0 17. Nxe6 Qxe6 18. f3 Rfe8 19. Kh1 Qf7 20. Na4 Ba5 21. c3 Qf8 22. b4 Bc7 23. Qf2 a5 24. a3 d4 25. cxd4 axb4 26. axb4 Qxb4 27. Reb1 Rxa4 0-1